[Event "WchT Seniors 50"]
[Site "Prague"]
[Date "2025.02.25"]
[Round "8.3"]
[White "Temirbayev, Serikbay"]
[Black "Stohl, Igor"]
[Result "1/2-1/2"]
[WhiteElo "2372"]
[BlackElo "2409"]
[PlyCount "37"]
[EventDate "2025.02.17"]
[EventType "team-swiss"]
[EventRounds "9"]
[EventCountry "CZE"]
[SourceTitle "CB09_2025"]
[SourceDate "2025.02.27"]
[SourceVersion "1"]
[SourceVersionDate "2025.02.27"]
[SourceQuality "1"]
[WhiteTeam "Kazakhstan 50"]
[BlackTeam "Slovakia 50"]
[WhiteTeamCountry "KAZ"]
[BlackTeamCountry "SVK"]

1. d4 Nf6 2. c4 e6 3. Nf3 b6 4. a3 Bb7 5. Bf4 d5 6. cxd5 Nxd5 7. Bg3 Nd7 8. Qc2 c5 9. e4 N5f6 10. d5 exd5 11. exd5 Nh5 12. Nc3 Be7 13. 0-0-0 0-0 14. d6 Bf6 15. Nd5 Bxd5 16. Rxd5 g6 17. Bb5 a6 18. Bxd7 Qxd7 19. Kb1 1/2-1/2

[Event "CZE-chT1E 2324"]
[Site "Czech Republic"]
[Date "2024.03.24"]
[Round "10.1"]
[White "Krejci, Jan1"]
[Black "Stohl, Igor"]
[Result "1-0"]
[WhiteElo "2517"]
[BlackElo "2422"]
[PlyCount "85"]
[EventDate "2023.10.22"]
[EventType "team-tourn"]
[EventRounds "11"]
[EventCountry "CZE"]
[SourceTitle "EXT 2025"]
[Source "ChessBase"]
[SourceDate "2024.10.14"]
[SourceVersion "1"]
[SourceVersionDate "2024.10.14"]
[SourceQuality "1"]
[WhiteTeam "Brno Moravska Slavia II"]
[BlackTeam "Trinec"]
[WhiteTeamCountry "CZE"]
[BlackTeamCountry "CZE"]

1. c4 e6 2. Nc3 d5 3. d4 a6 4. cxd5 exd5 5. Qb3 c5 6. Qxd5 cxd4 7. Qxd8+ Kxd8 8. Nd5 Be6 9. e4 dxe3 10. Bxe3 Bxd5 11. 0-0-0 Nf6 12. Bc4 Nc6 13. Bxd5 Nxd5 14. Rxd5+ Kc7 15. Bf4+ Kb6 16. Rd7 Bc5 17. Ne2 Rae8 18. Nc3 Bxf2 19. Rhd1 Ka7 20. R1d2 Bb6 21. Rxf7 Rhf8 22. Rdd7 Rxf7 23. Rxf7 Bd4 24. Kd2 Re7 25. Rxe7 Nxe7 26. Be3 Bxe3+ 27. Kxe3 Kb6 28. Kd4 Kc6 29. g4 Kd7 30. Kc5 h6 31. h3 Nc8 32. Nd5 Nd6 33. Ne3 Ke6 34. a4 Ke5 35. b3 Ne4+ 36. Kb6 Kd4 37. Nf5+ Kc3 38. a5 Kb4 39. Nxg7 Nf2 40. Nf5 Nxh3 41. Nxh6 Ng5 42. Nf5 Ne4 43. Ne7 1-0

[Event "SVK-chT 2324"]
[Site "Slovakia"]
[Date "2024.02.25"]
[Round "8.4"]
[White "Stohl, Igor"]
[Black "Briestensky, Rastislav"]
[Result "1/2-1/2"]
[WhiteElo "2424"]
[BlackElo "2293"]
[PlyCount "66"]
[EventDate "2023.11.04"]
[EventType "team-tourn"]
[EventRounds "11"]
[EventCountry "SVK"]
[SourceTitle "CBM 220 Extra"]
[Source "ChessBase"]
[SourceDate "2024.07.31"]
[SourceVersion "1"]
[SourceVersionDate "2024.07.31"]
[SourceQuality "1"]
[WhiteTeam "Modra"]
[BlackTeam "Bratislava Slovan"]
[WhiteTeamCountry "SVK"]
[BlackTeamCountry "SVK"]

1. d4 Nf6 2. c4 e6 3. Nc3 Bb4 4. Qc2 0-0 5. a3 Bxc3+ 6. Qxc3 d6 7. Bg5 Qe7 8. e3 e5 9. Bd3 h6 10. Bh4 a5 11. Ne2 Re8 12. 0-0 Nbd7 13. b4 axb4 14. axb4 Rxa1 15. Qxa1 c6 16. Nc3 g5 17. Bg3 exd4 18. exd4 Nh5 19. b5 Nxg3 20. hxg3 Nf6 21. Qa7 Kg7 22. Rb1 Ng4 23. Rf1 Nf6 24. Qb6 Qd8 25. Qxd8 Rxd8 26. Ra1 Re8 27. Kf1 Bd7 28. Ra7 Rb8 29. Ke2 cxb5 30. cxb5 Kf8 31. Kd2 Ke7 32. Nd1 d5 33. Ne3 Kd6 1/2-1/2

[Event "SVK-chT 2324"]
[Site "Slovakia"]
[Date "2024.02.24"]
[Round "7.4"]
[White "Borhy, Marcell Boldizsar"]
[Black "Stohl, Igor"]
[Result "1/2-1/2"]
[WhiteElo "2385"]
[BlackElo "2424"]
[PlyCount "26"]
[EventDate "2023.11.04"]
[EventType "team-tourn"]
[EventRounds "11"]
[EventCountry "SVK"]
[SourceTitle "CBM 220 Extra"]
[Source "ChessBase"]
[SourceDate "2024.07.31"]
[SourceVersion "1"]
[SourceVersionDate "2024.07.31"]
[SourceQuality "1"]
[WhiteTeam "Dunajska Streda"]
[BlackTeam "Modra"]
[WhiteTeamCountry "SVK"]
[BlackTeamCountry "SVK"]

1. d4 Nf6 2. c4 e6 3. g3 d5 4. Bg2 Bb4+ 5. Bd2 Bd6 6. Nf3 0-0 7. 0-0 c6 8. Qc2 Nbd7 9. Bg5 h6 10. Bxf6 Nxf6 11. Nbd2 b6 12. e4 Be7 13. e5 Nd7 1/2-1/2

[Event "CZE-chT 2324"]
[Site "Czech Republic"]
[Date "2024.01.28"]
[Round "6.2"]
[White "Nasuta, Grzegorz"]
[Black "Stohl, Igor"]
[Result "1/2-1/2"]
[WhiteElo "2585"]
[BlackElo "2422"]
[PlyCount "103"]
[EventDate "2023.10.14"]
[EventType "team-tourn"]
[EventRounds "11"]
[EventCountry "CZE"]
[SourceTitle "EXT 2025"]
[Source "ChessBase"]
[SourceDate "2024.10.14"]
[SourceVersion "1"]
[SourceVersionDate "2024.10.14"]
[SourceQuality "1"]
[WhiteTeam "Poruba Slavoj"]
[BlackTeam "Praha Dopravni Podnik"]
[WhiteTeamCountry "CZE"]
[BlackTeamCountry "CZE"]

1. e4 e5 2. Nf3 Nf6 3. Nxe5 d6 4. Nf3 Nxe4 5. c4 Nc6 6. d3 Nf6 7. d4 d5 8. c5 a6 9. h3 g6 10. Bd3 Bg7 11. 0-0 0-0 12. Nc3 b6 13. Bg5 h6 14. Bh4 bxc5 15. dxc5 Rb8 16. Qd2 g5 17. Bg3 Ne4 18. Nxe4 Rxb2 19. Qd1 dxe4 20. Bxe4 Nd4 21. Nxd4 Qxd4 22. Qxd4 Bxd4 23. Rac1 Re8 24. Bf3 Be5 25. Rfe1 f6 26. Bxe5 Rxe5 27. Rxe5 fxe5 28. Re1 Be6 29. Rxe5 Kf7 30. a3 Ra2 31. c6 Rxa3 32. Bd5 Bxd5 33. Rxd5 Ra1+ 34. Kh2 Rc1 35. Rd7+ Kg6 36. Rxc7 a5 37. Rc8 a4 38. c7 Kg7 39. h4 a3 40. h5 a2 41. Ra8 Rxc7 42. Rxa2 Rc4 43. Ra7+ Kg8 44. g3 Rb4 45. Kg2 Rb3 46. Rd7 Ra3 47. Kf1 Ra1+ 48. Kg2 Ra3 49. Re7 Rb3 50. Kh3 Rf3 51. Re2 Rf5 52. Kg4 1/2-1/2

[Event "SVK-chT 2324"]
[Site "Slovakia"]
[Date "2023.11.04"]
[Round "1.4"]
[White "Stohl, Igor"]
[Black "Molnar, Erno"]
[Result "1/2-1/2"]
[WhiteElo "2424"]
[BlackElo "2274"]
[PlyCount "69"]
[EventDate "2023.11.04"]
[EventType "team-tourn"]
[EventRounds "11"]
[EventCountry "SVK"]
[SourceTitle "CBM 217 Extra"]
[Source "ChessBase"]
[SourceDate "2024.01.31"]
[SourceVersion "1"]
[SourceVersionDate "2024.01.31"]
[SourceQuality "1"]
[WhiteTeam "Modra"]
[BlackTeam "Komarno"]
[WhiteTeamCountry "SVK"]
[BlackTeamCountry "SVK"]

1. d4 Nf6 2. c4 g6 3. h4 Bg7 4. Nc3 0-0 5. e4 d6 6. Be2 e5 7. d5 Nbd7 8. h5 Nc5 9. h6 Bh8 10. Bg5 a5 11. Nf3 Qd7 12. Nd2 Ne8 13. g4 Bf6 14. Be3 Qe7 15. Nb3 Bg5 16. Qd2 Bxe3 17. Qxe3 g5 18. f3 f6 19. Kf2 Kf7 20. Nd2 Rg8 21. b3 Rg6 22. Rh2 Qf8 23. Rah1 Ra6 24. Bd1 Bd7 25. Bc2 Kg8 26. a3 b6 27. b4 axb4 28. axb4 Nb7 29. Nb3 Nd8 30. c5 bxc5 31. bxc5 Nf7 32. Kg3 Ra8 33. c6 Bc8 34. Nb5 Rxh6 35. Rxh6 1/2-1/2

[Event "CZE-chT 2223"]
[Site "Czech Republic"]
[Date "2023.03.26"]
[Round "11.1"]
[White "Heberla, Bartlomiej"]
[Black "Stohl, Igor"]
[Result "1-0"]
[WhiteElo "2562"]
[BlackElo "2444"]
[PlyCount "61"]
[EventDate "2022.10.15"]
[EventType "team-tourn"]
[EventRounds "11"]
[EventCountry "CZE"]
[SourceTitle "CBM 213 Extra"]
[Source "ChessBase"]
[SourceDate "2023.05.31"]
[SourceVersion "1"]
[SourceVersionDate "2023.05.31"]
[SourceQuality "1"]
[WhiteTeam "Brno Moravska Slavia"]
[BlackTeam "Praha Dopravni Podnik"]
[WhiteTeamCountry "CZE"]
[BlackTeamCountry "CZE"]

1. e4 c5 2. Nf3 d6 3. d4 cxd4 4. Nxd4 Nf6 5. Nc3 a6 6. h3 e6 7. g4 d5 8. Nde2 Bb4 9. a3 Bxc3+ 10. Nxc3 d4 11. e5 dxc3 12. Qxd8+ Kxd8 13. exf6 gxf6 14. b3 Bd7 15. Be3 Bc6 16. 0-0-0+ Nd7 17. Rg1 Kc7 18. Bd4 h5 19. gxh5 Rxh5 20. Rg7 Rf8 21. Bxc3 Rf5 22. Bb4 Rd8 23. Rxf7 Rxf2 24. Ba5+ b6 25. Be1 Rf3 26. Bxa6 Rxh3 27. Bb4 Bd5 28. c4 Bf3 29. Bd6+ Kc6 30. Bb5+ Kb7 31. Bxd7 1-0

[Event "CZE-chT 2223"]
[Site "Czech Republic"]
[Date "2023.03.25"]
[Round "10.2"]
[White "Stohl, Igor"]
[Black "Gonda, Laszlo"]
[Result "1/2-1/2"]
[WhiteElo "2444"]
[BlackElo "2511"]
[PlyCount "28"]
[EventDate "2022.10.15"]
[EventType "team-tourn"]
[EventRounds "11"]
[EventCountry "CZE"]
[SourceTitle "CBM 213 Extra"]
[Source "ChessBase"]
[SourceDate "2023.05.31"]
[SourceVersion "1"]
[SourceVersionDate "2023.05.31"]
[SourceQuality "1"]
[WhiteTeam "Praha Dopravni Podnik"]
[BlackTeam "Kromeriz Slavia"]
[WhiteTeamCountry "CZE"]
[BlackTeamCountry "CZE"]

1. Nf3 d5 2. d4 Nf6 3. c4 e6 4. g3 Bb4+ 5. Bd2 Be7 6. Bg2 0-0 7. 0-0 Nbd7 8. Qc2 c6 9. Bf4 b6 10. Rd1 Bb7 11. Ne5 Nh5 12. Bc1 Nhf6 13. Bf4 Nh5 14. Bc1 Nhf6 1/2-1/2

[Event "CZE-chT 2223"]
[Site "Czech Republic"]
[Date "2023.02.18"]
[Round "7.2"]
[White "Stohl, Igor"]
[Black "Stocek, Jiri"]
[Result "1/2-1/2"]
[WhiteElo "2444"]
[BlackElo "2559"]
[PlyCount "39"]
[EventDate "2022.10.15"]
[EventType "team-tourn"]
[EventRounds "11"]
[EventCountry "CZE"]
[SourceTitle "CBM 213 Extra"]
[Source "ChessBase"]
[SourceDate "2023.05.31"]
[SourceVersion "1"]
[SourceVersionDate "2023.05.31"]
[SourceQuality "1"]
[WhiteTeam "Praha Dopravni Podnik"]
[BlackTeam "Ingem Line"]
[WhiteTeamCountry "CZE"]
[BlackTeamCountry "CZE"]

1. Nf3 d5 2. d4 Nf6 3. c4 dxc4 4. e3 Bg4 5. Bxc4 e6 6. h3 Bh5 7. 0-0 Bd6 8. Nbd2 0-0 9. Be2 Qe7 10. Nc4 Rd8 11. b3 Nc6 12. Bb2 Rac8 13. Rc1 h6 14. Nfe5 Nxe5 15. Nxd6 Rxd6 16. Bxh5 c5 17. Be2 Rdd8 18. Ba3 b6 19. Qc2 Ned7 20. Rfd1 1/2-1/2

[Event "SVK-chT 2223"]
[Site "Slovakia"]
[Date "2023.01.21"]
[Round "5.2"]
[White "Vass, Frantisek"]
[Black "Stohl, Igor"]
[Result "1/2-1/2"]
[WhiteElo "2300"]
[BlackElo "2444"]
[PlyCount "28"]
[EventDate "2022.10.22"]
[EventType "team-tourn"]
[EventRounds "11"]
[EventCountry "SVK"]
[SourceTitle "EXT 2024"]
[Source "ChessBase"]
[SourceDate "2023.10.10"]
[SourceVersion "1"]
[SourceVersionDate "2023.10.10"]
[SourceQuality "1"]
[WhiteTeam "Podhajska Aquamarin"]
[BlackTeam "Modra"]
[WhiteTeamCountry "SVK"]
[BlackTeamCountry "SVK"]

1. d4 d5 2. Nf3 e6 3. e3 c5 4. Be2 Nf6 5. 0-0 b6 6. Nbd2 Bb7 7. b3 Nbd7 8. Bb2 Bd6 9. Ne5 0-0 10. f4 cxd4 11. exd4 Ne4 12. Nxe4 dxe4 13. Nc4 Be7 14. Ne3 g6 1/2-1/2

[Event "SVK-chT 2223"]
[Site "Slovakia"]
[Date "2022.12.11"]
[Round "4.5"]
[White "Stohl, Igor"]
[Black "Finek, Vaclav"]
[Result "1/2-1/2"]
[WhiteElo "2444"]
[BlackElo "2406"]
[PlyCount "31"]
[EventDate "2022.10.22"]
[EventType "team-tourn"]
[EventRounds "11"]
[EventCountry "SVK"]
[SourceTitle "EXT 2024"]
[Source "ChessBase"]
[SourceDate "2023.10.10"]
[SourceVersion "1"]
[SourceVersionDate "2023.10.10"]
[SourceQuality "1"]
[WhiteTeam "Modra"]
[BlackTeam "Dunajska Streda"]
[WhiteTeamCountry "SVK"]
[BlackTeamCountry "SVK"]

1. Nf3 Nf6 2. c4 c6 3. d4 d5 4. e3 e6 5. b3 Nbd7 6. Bb2 Bd6 7. Bd3 0-0 8. 0-0 b6 9. Nbd2 Bb7 10. Ne5 c5 11. cxd5 exd5 12. Qe2 Qe7 13. Nxd7 Nxd7 14. Ba6 Bxa6 15. Qxa6 Nf6 16. Qd3 1/2-1/2

[Event "CZE-chT 2223"]
[Site "Czech Republic"]
[Date "2022.12.04"]
[Round "4.1"]
[White "Kraus, Tomas"]
[Black "Stohl, Igor"]
[Result "1/2-1/2"]
[WhiteElo "2479"]
[BlackElo "2444"]
[PlyCount "21"]
[EventDate "2022.10.15"]
[EventType "team-tourn"]
[EventRounds "11"]
[EventCountry "CZE"]
[SourceTitle "CBM 213 Extra"]
[Source "ChessBase"]
[SourceDate "2023.05.31"]
[SourceVersion "1"]
[SourceVersionDate "2023.05.31"]
[SourceQuality "1"]
[WhiteTeam "Turnov Zikuda"]
[BlackTeam "Praha Dopravni Podnik"]
[WhiteTeamCountry "CZE"]
[BlackTeamCountry "CZE"]

1. e4 c5 2. Nc3 d6 3. d4 cxd4 4. Qxd4 Nc6 5. Qd2 g6 6. b3 Bh6 7. f4 Nf6 8. Bb2 e5 9. g3 0-0 10. 0-0-0 exf4 11. Nge2 1/2-1/2

[Event "CZE-chT1E 2223"]
[Site "Czech Republic"]
[Date "2022.11.27"]
[Round "4.3"]
[White "Stohl, Igor"]
[Black "Malinovsky, Karel"]
[Result "1/2-1/2"]
[WhiteElo "2444"]
[BlackElo "2463"]
[PlyCount "23"]
[EventDate "2022.10.08"]
[EventType "team-tourn"]
[EventRounds "11"]
[EventCountry "CZE"]
[SourceTitle "CBM 213 Extra"]
[Source "ChessBase"]
[SourceDate "2023.05.31"]
[SourceVersion "1"]
[SourceVersionDate "2023.05.31"]
[SourceQuality "1"]
[WhiteTeam "Trinec"]
[BlackTeam "Stare Mesto"]
[WhiteTeamCountry "CZE"]
[BlackTeamCountry "CZE"]

1. d4 d5 2. c4 e6 3. Nc3 c5 4. e3 Nf6 5. Nf3 Nc6 6. a3 cxd4 7. exd4 Be7 8. c5 Ne4 9. Qc2 f5 10. Bb5 0-0 11. 0-0 Bf6 12. Bxc6 1/2-1/2

[Event "CZE-chT 2122"]
[Site "Czech Republic"]
[Date "2022.04.09"]
[Round "14.5"]
[White "Dragnev, Valentin"]
[Black "Stohl, Igor"]
[Result "1-0"]
[WhiteElo "2543"]
[BlackElo "2458"]
[PlyCount "165"]
[EventDate "2021.10.15"]
[EventType "team-tourn"]
[EventRounds "15"]
[EventCountry "CZE"]
[SourceTitle "EXT 2023"]
[Source "ChessBase"]
[SourceDate "2022.10.05"]
[SourceVersion "1"]
[SourceVersionDate "2022.10.05"]
[SourceQuality "1"]
[WhiteTeam "Brno Duras"]
[BlackTeam "Praha Dopravni Podnik"]
[WhiteTeamCountry "CZE"]
[BlackTeamCountry "CZE"]

1. e4 e5 2. Nf3 Nf6 3. Nxe5 d6 4. Nf3 Nxe4 5. d4 d5 6. Bd3 Be7 7. 0-0 Nc6 8. Nbd2 Nxd2 9. Bxd2 Bg4 10. c3 0-0 11. h3 Bh5 12. g3 Qd7 13. Kg2 Rfe8 14. Re1 Bg6 15. Qc2 Bxd3 16. Qxd3 a6 17. Re2 Bd6 18. Rae1 Rxe2 19. Qxe2 f6 20. Nh4 g6 21. Qf3 Qf7 22. Kf1 Ne7 23. Bf4 Rd8 24. Bxd6 Rxd6 25. Qe3 Rd7 26. g4 Nc6 27. Qe8+ Qxe8 28. Rxe8+ Kf7 29. Rh8 Kg7 30. Rc8 Nd8 31. Ng2 Ne6 32. Rb8 c5 33. dxc5 Nxc5 34. Nf4 d4 35. cxd4 Rxd4 36. Rc8 Rxf4 37. Rxc5 Rb4 38. Rc7+ Kh6 39. b3 a5 40. Rf7 a4 41. bxa4 Rxa4 42. Rxf6 Rxa2 43. Rf7 g5 44. Rxb7 Kg6 45. Kg2 Ra6 46. Rb5 h5 47. h4 hxg4 48. Rxg5+ Kh6 49. Kg3 Ra1 50. Rxg4 Rg1+ 51. Kh3 Rh1+ 52. Kg2 Ra1 53. Rg5 Ra3 54. f3 Rb3 55. Kg3 Ra3 56. Kg4 Ra4+ 57. Kg3 Ra3 58. Rg4 Rb3 59. Ra4 Rb1 60. Kg4 Kg7 61. Ra7+ Kf6 62. Ra6+ Kg7 63. Ra7+ Kf6 64. h5 Rb4+ 65. f4 Rb1 66. Ra6+ Kg7 67. Ra7+ Kf6 68. Ra6+ Kg7 69. Rg6+ Kf7 70. Rc6 Kg7 71. Rg6+ Kf7 72. Kg5 Rg1+ 73. Kf5 Ra1 74. Rb6 Ra5+ 75. Kg4 Ra1 76. Kg5 Rg1+ 77. Kf5 Ra1 78. Rb7+ Kg8 79. Kg6 Rg1+ 80. Kf6 Ra1 81. f5 Ra2 82. Rg7+ Kh8 83. Re7 1-0

[Event "CZE-chT 2122"]
[Site "Czech Republic"]
[Date "2022.04.08"]
[Round "13.6"]
[White "Druska, Juraj"]
[Black "Stohl, Igor"]
[Result "1/2-1/2"]
[WhiteElo "2506"]
[BlackElo "2458"]
[PlyCount "65"]
[EventDate "2021.10.15"]
[EventType "team-tourn"]
[EventRounds "15"]
[EventCountry "CZE"]
[SourceTitle "EXT 2023"]
[Source "ChessBase"]
[SourceDate "2022.10.05"]
[SourceVersion "1"]
[SourceVersionDate "2022.10.05"]
[SourceQuality "1"]
[WhiteTeam "Unichess"]
[BlackTeam "Praha Dopravni Podnik"]
[WhiteTeamCountry "CZE"]
[BlackTeamCountry "CZE"]

1. d4 d5 2. c4 dxc4 3. e3 Nf6 4. Bxc4 e6 5. Nf3 c5 6. 0-0 a6 7. dxc5 Bxc5 8. Qxd8+ Kxd8 9. Nbd2 Ke7 10. Nb3 Bd6 11. Be2 Nc6 12. Bd2 Bd7 13. Rfd1 Rac8 14. Be1 Rhd8 15. Rac1 Be8 16. Na5 Rb8 17. Nb3 Rbc8 18. Nfd2 Kf8 19. Nc4 Bb4 20. Nb6 Rxd1 21. Rxd1 Rc7 22. Kf1 Bxe1 23. Kxe1 Nb4 24. Rc1 Rxc1+ 25. Nxc1 Bc6 26. f3 Nbd5 27. Nxd5 Nxd5 28. Kd2 a5 29. g3 e5 30. Nd3 f6 31. e4 Nc7 32. b3 Nb5 33. Ne1 1/2-1/2

[Event "AUT-chT2O 2122"]
[Site "Austria"]
[Date "2022.04.02"]
[Round "10.2"]
[White "Stohl, Igor"]
[Black "Lizak, Peter"]
[Result "1/2-1/2"]
[WhiteElo "2458"]
[BlackElo "2393"]
[PlyCount "76"]
[EventDate "2021.10.16"]
[EventType "team-tourn"]
[EventRounds "11"]
[EventCountry "AUT"]
[SourceTitle "EXT 2023"]
[Source "ChessBase"]
[SourceDate "2022.10.05"]
[SourceVersion "1"]
[SourceVersionDate "2022.10.05"]
[SourceQuality "1"]
[WhiteTeam "Ottakring"]
[BlackTeam "Pressbaum"]
[WhiteTeamCountry "AUT"]
[BlackTeamCountry "AUT"]

1. d4 Nf6 2. c4 c5 3. d5 g6 4. Nc3 Bg7 5. e4 d6 6. Nf3 0-0 7. h3 e6 8. Bd3 Nbd7 9. Bg5 exd5 10. cxd5 h6 11. Bf4 Qe7 12. 0-0 g5 13. Bh2 g4 14. hxg4 Nxg4 15. Bg3 Nde5 16. Be2 Nxf3+ 17. gxf3 Nf6 18. Bh4 Qd7 19. f4 Qh3 20. Bxf6 Bxf6 21. Qd3 Qxd3 22. Bxd3 a6 23. Rfe1 Bd4 24. Ne2 Bxb2 25. Rab1 Ba3 26. e5 b5 27. Ng3 Bb4 28. Re2 Bg4 29. Rc2 Kh8 30. Ne4 Bf3 31. Nxd6 Rg8+ 32. Kh2 Bxd5 33. f3 Bxf3 34. Nxf7+ Kg7 35. Nd6 Kh8 36. Nf7+ Kg7 37. Nd6 Kh8 38. Nf7+ Kg7 1/2-1/2

[Event "CZE-chT 2122"]
[Site "Czech Republic"]
[Date "2021.12.19"]
[Round "6.4"]
[White "Ragger, Markus"]
[Black "Stohl, Igor"]
[Result "1-0"]
[WhiteElo "2664"]
[BlackElo "2458"]
[PlyCount "83"]
[EventDate "2021.10.15"]
[EventType "team-tourn"]
[EventRounds "15"]
[EventCountry "CZE"]
[SourceTitle "EXT 2023"]
[Source "ChessBase"]
[SourceDate "2022.10.05"]
[SourceVersion "1"]
[SourceVersionDate "2022.10.05"]
[SourceQuality "1"]
[WhiteTeam "Novoborsky"]
[BlackTeam "Praha Dopravni Podnik"]
[WhiteTeamCountry "CZE"]
[BlackTeamCountry "CZE"]

1. e4 e5 2. Nf3 Nf6 3. Nxe5 d6 4. Nf3 Nxe4 5. d4 d5 6. Bd3 Bf5 7. 0-0 Be7 8. Re1 0-0 9. Nbd2 Nd6 10. Nf1 Nd7 11. Bxf5 Nxf5 12. Qd3 g6 13. Bf4 Bd6 14. Bg5 f6 15. Bd2 c6 16. b3 Qc7 17. c4 dxc4 18. bxc4 b6 19. Bc3 Rfe8 20. N1d2 Bf8 21. Bb2 Rad8 22. Qb3 Bg7 23. Ne4 Kh8 24. Rad1 Re6 25. Nc3 Rde8 26. Rf1 Nd6 27. d5 Nc5 28. Qc2 R6e7 29. Nd4 Nxc4 30. Ba1 Ne5 31. Nxc6 Rd7 32. Nb5 Qb7 33. Nbxa7 Ra8 34. Nxe5 fxe5 35. Nc6 e4 36. Bxg7+ Kxg7 37. Qc3+ Kg8 38. Ne5 Rd6 39. Nc4 Rdd8 40. Rd2 Nd3 41. Ne3 b5 42. Ng4 1-0

[Event "EUR-ch Seniors 50"]
[Site "Prague"]
[Date "2021.09.06"]
[Round "8.1"]
[White "Hracek, Zbynek"]
[Black "Stohl, Igor"]
[Result "1/2-1/2"]
[WhiteElo "2565"]
[BlackElo "2462"]
[PlyCount "28"]
[EventDate "2021.08.30"]
[EventType "team-tourn"]
[EventRounds "9"]
[EventCountry "CZE"]
[SourceTitle "CBM 204 Extra"]
[Source "ChessBase"]
[SourceDate "2021.11.30"]
[SourceVersion "1"]
[SourceVersionDate "2021.11.30"]
[SourceQuality "1"]
[WhiteTeam "Czech Republic 50"]
[BlackTeam "Slovakia 50"]
[WhiteTeamCountry "CZE"]
[BlackTeamCountry "SVK"]

1. d4 d5 2. c4 e6 3. Nc3 Be7 4. Nf3 Nf6 5. Bg5 0-0 6. e3 h6 7. Bxf6 Bxf6 8. Rc1 c6 9. Bd3 Nd7 10. 0-0 dxc4 11. Bxc4 e5 12. h3 exd4 13. exd4 Nb6 14. Bb3 Re8 1/2-1/2

[Event "EUR-ch Seniors 50"]
[Site "Prague"]
[Date "2021.09.03"]
[Round "5.1"]
[White "Bartos, Jan"]
[Black "Stohl, Igor"]
[Result "1/2-1/2"]
[WhiteElo "2112"]
[BlackElo "2462"]
[PlyCount "34"]
[EventDate "2021.08.30"]
[EventType "team-tourn"]
[EventRounds "9"]
[EventCountry "CZE"]
[SourceTitle "CBM 204 Extra"]
[Source "ChessBase"]
[SourceDate "2021.11.30"]
[SourceVersion "1"]
[SourceVersionDate "2021.11.30"]
[SourceQuality "1"]
[WhiteTeam "Litomerice Slavoj 50"]
[BlackTeam "Slovakia 50"]
[WhiteTeamCountry "CZE"]
[BlackTeamCountry "SVK"]

1. d4 Nf6 2. c4 e6 3. Nc3 Bb4 4. Qc2 c5 5. dxc5 Bxc5 6. Nf3 Qb6 7. e3 Qc7 8. Be2 a6 9. 0-0 0-0 10. b3 Be7 11. Bb2 d6 12. Rac1 Nbd7 13. Rfd1 b6 14. Qb1 Bb7 15. Ng5 h6 16. Nge4 Nc5 17. Bf3 Nfxe4 1/2-1/2

[Event "EUR-ch Seniors 50"]
[Site "Prague"]
[Date "2021.08.31"]
[Round "2.1"]
[White "Stohl, Igor"]
[Black "Nudcenko, Karel"]
[Result "1-0"]
[WhiteElo "2462"]
[BlackElo "2033"]
[PlyCount "83"]
[EventDate "2021.08.30"]
[EventType "team-tourn"]
[EventRounds "9"]
[EventCountry "CZE"]
[SourceTitle "CBM 204 Extra"]
[Source "ChessBase"]
[SourceDate "2021.11.30"]
[SourceVersion "1"]
[SourceVersionDate "2021.11.30"]
[SourceQuality "1"]
[WhiteTeam "Slovakia 50"]
[BlackTeam "Udlice Sokol 50"]
[WhiteTeamCountry "SVK"]
[BlackTeamCountry "CZE"]

1. c4 e6 2. Nc3 d5 3. d4 Nf6 4. Nf3 c6 5. e3 Nbd7 6. Qc2 Be7 7. b3 0-0 8. Bd3 h6 9. 0-0 b6 10. Bb2 Bb7 11. Rad1 Rc8 12. Qe2 Qc7 13. Ne5 Nxe5 14. dxe5 Nd7 15. f4 f5 16. cxd5 cxd5 17. Nb5 Qb8 18. Nd4 Nc5 19. b4 Nxd3 20. Rxd3 Bxb4 21. Nxe6 Rfe8 22. Nd4 Rf8 23. Rb3 Bc5 24. Ba3 Rf7 25. Ne6 Rc6 26. Nxc5 bxc5 27. Rfb1 Qc8 28. Qb2 Rcc7 29. h3 Qd7 30. Bxc5 Ba6 31. Bd4 Bc4 32. Rb8+ Kh7 33. Qd2 Qa4 34. R1b2 Qa6 35. Re8 Rfe7 36. Rxe7 Rxe7 37. Qb4 Re6 38. Qf8 Bd3 39. g4 fxg4 40. f5 Rc6 41. Rb8 Rc1+ 42. Kh2 1-0

[Event "EUR-ch Seniors 50"]
[Site "Prague"]
[Date "2021.08.30"]
[Round "1.1"]
[White "Richtrova, Eliska"]
[Black "Stohl, Igor"]
[Result "1/2-1/2"]
[WhiteElo "2186"]
[BlackElo "2462"]
[PlyCount "55"]
[EventDate "2021.08.30"]
[EventType "team-tourn"]
[EventRounds "9"]
[EventCountry "CZE"]
[SourceTitle "CBM 204 Extra"]
[Source "ChessBase"]
[SourceDate "2021.11.30"]
[SourceVersion "1"]
[SourceVersionDate "2021.11.30"]
[SourceQuality "1"]
[WhiteTeam "Czech Republic (Women) 50"]
[BlackTeam "Slovakia 50"]
[WhiteTeamCountry "CZE"]
[BlackTeamCountry "SVK"]

1. Nf3 Nf6 2. c4 b6 3. b3 g6 4. Bb2 Bg7 5. e3 c5 6. Be2 Bb7 7. 0-0 0-0 8. d4 cxd4 9. Nxd4 d5 10. Nd2 Nbd7 11. Rc1 Rc8 12. Rc2 a6 13. Qa1 dxc4 14. Rfc1 cxb3 15. Rxc8 Bxc8 16. Nc6 Qe8 17. axb3 Nc5 18. Nd4 Nd5 19. N4f3 Bxb2 20. Qxb2 a5 21. Nc4 Nb4 22. Nfe5 Be6 23. Nxb6 Nxb3 24. Rd1 Nc5 25. Qd4 Nb3 26. Qb2 Nc5 27. Qd4 Nb3 28. Qb2 1/2-1/2

[Event "WchT Seniors 50"]
[Site "Prague"]
[Date "2020.03.12"]
[Round "7.2"]
[White "Zpevak, Pavel"]
[Black "Stohl, Igor"]
[Result "1/2-1/2"]
[WhiteElo "2344"]
[BlackElo "2470"]
[PlyCount "21"]
[EventDate "2020.03.06"]
[EventType "team-swiss"]
[EventRounds "7"]
[EventCountry "CZE"]
[SourceTitle "CBM 195 Extra"]
[Source "ChessBase"]
[SourceDate "2020.05.31"]
[SourceVersion "1"]
[SourceVersionDate "2020.05.31"]
[SourceQuality "1"]
[WhiteTeam "Czech Republic 50 II"]
[BlackTeam "Slovakia 50"]
[WhiteTeamCountry "CZE"]
[BlackTeamCountry "SVK"]

1. d4 Nf6 2. c4 e6 3. Nf3 b6 4. Nc3 Bb7 5. a3 d5 6. Bg5 Be7 7. Qa4+ Bc6 8. Qb3 dxc4 9. Qxc4 0-0 10. Bxf6 Bxf6 11. e4 1/2-1/2